| 000 | 00428nam a2200181Ia 4500 | ||
|---|---|---|---|
| 001 | 12748 | ||
| 005 | 20260306163004.0 | ||
| 008 | 260306t1985||||xx |||||||||||||| ||spa|| | ||
| 041 | _aESP | ||
| 082 |
_aRD 150.3 _bD92 |
||
| 100 |
_aDorsch, Friedrich _eAUT |
||
| 245 | 0 | _aDiccionario de psicologĂa | |
| 260 | _c1985 | ||
| 300 |
_ax, 1030 páginas : _c21 cm. |
||
| 650 | _aGEN | ||
| 654 | _aCPS | ||
| 942 |
_cDIC _dJUS _fJUS _2ddc _n |
||
| 999 |
_c12748 _d12748 |
||